[Event "Africa-ch U14"]
[Site "Cairo"]
[Date "2017.12.04"]
[Round "3.5"]
[White "Lutuima, Amaro"]
[Black "Atallah, Ahmed"]
[Result "1-0"]
[WhiteElo "1956"]
[BlackElo "1420"]
[PlyCount "47"]
[EventDate "2017.12.03"]
[EventType "swiss"]
[EventRounds "9"]
[EventCountry "EGY"]
[SourceTitle "EXT 2024"]
[Source "ChessBase"]
[SourceDate "2023.10.10"]
[SourceVersion "1"]
[SourceVersionDate "2023.10.10"]
[SourceQuality "1"]

1. Nf3 d5 2. c4 c6 3. b3 Bf5 4. g3 Nd7 5. Bb2 Ngf6 6. Bg2 e6 7. 0-0 Bd6 8. d3 0-0 9. Nbd2 e5 10. Qc2 e4 11. dxe4 dxe4 12. Nh4 Bg6 13. Nxg6 fxg6 14. Nxe4 Nxe4 15. Bxe4 Re8 16. Rad1 Qc7 17. Bf3 Ne5 18. c5 Nxf3+ 19. exf3 Be5 20. Bxe5 Qxe5 21. Rd7 Re7 22. Rfd1 Kf8 23. Qc4 Ke8 24. Qg8# 1-0